Movies Quiz

Random Movies or Actor Quiz
Score 0/180 Timer 07:00
9 Plays Today
Best Picture % Correct
The
100%
The
100%
The
100%
The
100%
The
100%
The
100%
The
100%
The
100%
The
100%
The
100%
The
100%
The
100%
The
100%
The
100%
The
100%
The
100%
The
100%
The
100%
The
100%
The
100%
The
100%
The
100%
The
100%
The
100%
The
100%
The
100%
The
100%
The
100%
The
100%
The
100%
Great
100%
Great
100%
Red
100%
Ten
100%
French
100%
Deer
100%
Right
100%
Big
100%
Color
100%
Last
100%
English
100%
Full
100%
Hurt
100%
King's
100%
Story
100%
Man
100%
Day
100%
Inferno
100%
Girl
100%
Point
100%
Man
100%
Fields
100%
Tourist
100%
Game
100%
Mile
100%
Side
100%
Network
100%
Charlie
100%
Moira
100%
John
100%
Best Picture % Correct
Robert
100%
Gene
100%
Steve
100%
Richard
100%
Robert
100%
Dennis
100%
Peter
100%
Tim
100%
Ralph
100%
Robert
100%
Tom
100%
Bruce
100%
Sandra
100%
Colin
100%
Powell
100%
Grant
100%
Bogart
100%
Heston
100%
Bancroft
100%
Hurt
100%
Close
100%
Waterston
100%
Goldberg
100%
Davis
100%
Whitaker
100%
Renner
100%
Eisenberg
100%
1936
100%
1940
100%
1940
100%
1941
100%
1948
100%
1952
100%
1956
100%
1962
100%
1971
100%
1974
100%
1977
100%
1977
100%
1978
100%
1980
100%
1983
100%
1983
100%
1984
100%
1985
100%
1987
100%
1988
100%
1992
100%
1994
100%
1996
100%
1997
100%
1999
100%
1999
100%
2009
100%
2009
100%
2010
100%
2010
100%
Speech
88.1%
Green
86.8%
Locker
86.7%
Best Picture % Correct
Social
85.9%
Bullock
85.2%
Hanks
83.2%
Purple
82.9%
Patient
82.6%
Hunter
81.1%
Firth
80.3%
Blind
80.2%
Whoopi
78%
Glenn
75.3%
Connection
74%
Commandments
72.6%
Humphrey
72.4%
Fiennes
71.9%
Forest
71.7%
Monty
71.6%
Charlton
70.1%
Hackman
68.6%
Jesse
68.1%
De Niro
66.5%
Willis
65.3%
Jeremy
61.2%
Cary
61%
Anne
60.4%
Towering
59.7%
Killing
56.8%
Chaplin
56.1%
Sam
55.5%
Stuff
52.9%
John
52.1%
Quaid
50.7%
McQueen
49.6%
Accidental
47.2%
William
44.4%
Geena
44.2%
Crying
44.2%
Sixth
43.4%
Sense
43.3%
Robbins
43.1%
Chill
40.2%
Shawshank
37.8%
Redemption
37.7%
Elephant
35.9%
Dictator
35.5%
Maltese
35.3%
Falcon
35.3%
Philadelphia
35.1%
O'Toole
30.3%
Goodbye
30.2%
Dreyfuss
30.1%
Emperor
27.7%
Wayne
26.3%
Longest
25.3%
Turning
20.6%
Shoes
20.3%
Carlyle
18.7%
Quiet
18.2%
Mitchum
17.8%
Ziegfeld
14.8%
Shearer
8.8%

You're not logged in!

Compare scores with friends on all Sporcle quizzes.
OR
Log In

Sporcle TV

Today on Sporcle TV


Watch our educational content, quiz creation guides, and fun videos on Sporcle TV.

Show Comments

Extras

Top Quizzes Today


Score Distribution

Paid Content

Your Account Isn't Verified!

In order to create a playlist on Sporcle, you need to verify the email address you used during registration. Go to your Sporcle Settings to finish the process.

Report this User

Report this user for behavior that violates our Community Guidelines.

Details: